Central Library OPAC University of Rajshahi
Normal view MARC view

Entry Topical Term

Number of records used in: 4

001 - CONTROL NUMBER

  • control field: 5442

003 - CONTROL NUMBER IDENTIFIER

  • control field: BD-RjUL

005 - DATE AND TIME OF LATEST TRANSACTION

  • control field: 20221024111118.0

008 - FIXED-LENGTH DATA ELEMENTS

  • fixed length control field: 221024|| aca||aabn | a|a d

040 ## - CATALOGING SOURCE

  • Original cataloging agency: BD-RjUL
  • Transcribing agency: BD-RjUL

150 ## - HEADING--TOPICAL TERM

  • Topical term or geographic name entry element: Bengali literature
  • Form subdivision: History and Criticism
  • General subdivision: 1920-1970

670 ## - SOURCE DATA FOUND

  • Source citation: Work cat.: (BD-RjUL)80605: আলী, শাহ মো. আমির 5439, আধুনিক বাংলাকাব্যে দেহত্নবাদী চেতনা (১৯২০-১৯৭০) /, ২০০৯